[Event "4NCL Division 2a"]
[Site "Solihull, ENG"]
[Date "2018.01.14"]
[Round "4.44"]
[White "Makepeace, Philip J"]
[Black "Burnett, Jim"]
[Result "1-0"]
[WhiteElo "2077"]
[BlackElo "2103"]
[PlyCount "152"]
[EventDate "2018.01.14"]
[WhiteTeam "Barbican Youth"]
[BlackTeam "White Rose 2"]

1. e4 e6 2. d4 d5 3. Nc3 Bb4 4. exd5 exd5 5. Bd3 Ne7 6. a3 Ba5 7. Nf3 O-O 8.
O-O Bf5 9. Bg5 f6 10. Bf4 Qd7 11. b4 Bb6 12. Bxf5 Nxf5 13. Ne2 Nc6 14. c3 Nce7
15. Qd3 c6 16. Rfe1 Rfe8 17. Ng3 Nxg3 18. hxg3 Ng6 19. Bd2 Bc7 20. a4 Rxe1+ 21.
Rxe1 Re8 22. a5 Rxe1+ 23. Nxe1 Qg4 24. Qf3 Qxf3 25. gxf3 h5 26. Nd3 Kf7 27. Kg2
b6 28. axb6 axb6 29. f4 Ne7 30. f3 g6 31. Kh3 Ke6 32. Nb2 Nc8 33. Kh4 Nd6 34.
Kh3 Bd8 35. g4 hxg4+ 36. fxg4 Ne4 37. Be1 c5 38. dxc5 bxc5 39. bxc5 Nxc5 40.
Bf2 Ne4 41. Bd4 Bc7 42. Nd3 Ba5 43. Nb4 Bxb4 44. cxb4 Nd6 45. Kg3 Nb5 46. Bc5
d4 47. Kf3 Kd5 48. f5 gxf5 49. gxf5 Ke5 50. Ke2 Kxf5 51. Kd3 Ke5 52. Bf8 Kd5
53. Bg7 f5 54. Bh6 Nc7 55. Bc1 Ne6 56. Bd2 f4 57. Be1 Nc7 58. Bd2 f3 59. Be1
Na6 60. Bd2 Nb8 61. Be1 Nc6 62. b5 Ne5+ 63. Kd2 Ke4 64. Bh4 Nc4+ 65. Ke1 d3 66.
Bg5 Kd5 67. Kf2 Ke4 68. Bh6 Ne5 69. Bd2 Ng4+ 70. Kf1 Kd5 71. b6 Kc6 72. Ba5 Kb7
73. Ke1 Ka6 74. Bc3 Kxb6 75. Bd4+ Kb5 76. Ba7 Kc4 1-0

[Event "4NCL Division 2a"]
[Site "Solihull, ENG"]
[Date "2018.01.14"]
[Round "4.45"]
[White "Shaw, Peter"]
[Black "Russell, Christopher"]
[Result "1/2-1/2"]
[WhiteElo "2122"]
[BlackElo "2111"]
[PlyCount "60"]
[EventDate "2018.01.14"]
[WhiteTeam "White Rose 2"]
[BlackTeam "Barbican Youth"]

1. d4 e6 2. Nf3 f5 3. g3 Nf6 4. Bg2 Be7 5. O-O O-O 6. c4 d6 7. Nc3 Qe8 8. b4
Ne4 9. Nxe4 fxe4 10. Ng5 Bxg5 11. Bxg5 d5 12. Qb3 c6 13. f3 exf3 14. Rxf3 Rxf3
15. exf3 Nd7 16. Re1 Qg6 17. f4 h6 18. Be7 Nb6 19. c5 Nc4 20. a4 Bd7 21. b5 Re8
22. Bh4 Qf5 23. bxc6 Bxc6 24. Qd1 g5 25. fxg5 hxg5 26. g4 Qg6 27. Bg3 Nb2 28.
Qd2 Nc4 29. Qd1 Nb2 30. Qd2 Nc4 1/2-1/2

[Event "4NCL Division 2a"]
[Site "Solihull, ENG"]
[Date "2018.01.14"]
[Round "4.46"]
[White "Hughes, Roy"]
[Black "O'driscoll, Kieran"]
[Result "1/2-1/2"]
[WhiteElo "2023"]
[BlackElo "2079"]
[PlyCount "55"]
[EventDate "2018.01.14"]
[WhiteTeam "Barbican Youth"]
[BlackTeam "White Rose 2"]

1. d4 d5 2. Bf4 Nf6 3. e3 e6 4. Nf3 Be7 5. h3 O-O 6. Bd3 b6 7. O-O Bb7 8. Re1
Nbd7 9. Nbd2 Ne4 10. c4 f5 11. Ne5 Nxe5 12. Bxe5 Bb4 13. Bxe4 dxe4 14. a3 Bd6
15. Qc2 c5 16. Bxd6 Qxd6 17. dxc5 Qxc5 18. Rad1 Rac8 19. b3 Rfd8 20. Nf1 b5 21.
Qb2 bxc4 22. bxc4 Ba6 23. Ng3 Bxc4 24. Rc1 Qb6 25. Qe5 Qd6 26. Qb2 Qa6 27. Qe5
Qd6 28. Qb2 1/2-1/2

[Event "4NCL Division 2a"]
[Site "Solihull, ENG"]
[Date "2018.01.14"]
[Round "4.47"]
[White "Li, Harry"]
[Black "Harari, Zaki"]
[Result "1/2-1/2"]
[WhiteElo "2017"]
[BlackElo "2025"]
[PlyCount "109"]
[EventDate "2018.01.14"]
[WhiteTeam "White Rose 2"]
[BlackTeam "Barbican Youth"]

1. e4 e5 2. Nf3 Nc6 3. Bc4 Bc5 4. c3 Nf6 5. d3 d6 6. Bb3 O-O 7. O-O h6 8. h3 a6
9. Re1 Re8 10. Nbd2 Ba7 11. Nf1 Ne7 12. Ng3 Ng6 13. Be3 Bxe3 14. Rxe3 c6 15. d4
Qc7 16. Re1 Bd7 17. Qd2 Rad8 18. dxe5 dxe5 19. Qe3 c5 20. Rad1 c4 21. Bc2 Bc8
22. Nf5 Rxd1 23. Rxd1 Bxf5 24. exf5 Nf4 25. Nd2 Rd8 26. Ne4 Rxd1+ 27. Bxd1 Nxe4
28. Qxe4 Qd6 29. Bf3 b5 30. b3 cxb3 31. axb3 Kf8 32. Qb7 Nd3 33. Bd5 Qf6 34.
Qc8+ Ke7 35. Qc7+ Kf8 36. Be4 Nf4 37. Qc8+ Ke7 38. Qc7+ Kf8 39. Qc8+ Ke7 40.
Qc7+ Kf8 41. c4 bxc4 42. bxc4 Kg8 43. c5 Ne2+ 44. Kf1 Nc3 45. Bd3 e4 46. Qc8+
Kh7 47. Bxa6 Qg5 48. g4 Qf4 49. Qb7 Qf3 50. Kg1 Nd1 51. Qxf7 Qxf2+ 52. Kh1 Qf3+
53. Kh2 Qf4+ 54. Kh1 Qf3+ 55. Kh2 1/2-1/2

[Event "4NCL Division 2a"]
[Site "Solihull, ENG"]
[Date "2018.01.14"]
[Round "4.48"]
[White "Golding, William"]
[Black "Camp, Imogen A L"]
[Result "0-1"]
[WhiteElo "1675"]
[BlackElo "1937"]
[PlyCount "110"]
[EventDate "2018.01.14"]
[WhiteTeam "Barbican Youth"]
[BlackTeam "White Rose 2"]

1. d4 d5 2. Nf3 c5 3. c3 Nf6 4. Bf4 Qb6 5. Qb3 c4 6. Qxb6 axb6 7. Nbd2 Nc6 8.
Ne5 b5 9. e3 e6 10. Be2 b4 11. O-O Be7 12. Ndf3 Nxe5 13. Nxe5 bxc3 14. b3 b5
15. Rfc1 Ba3 16. Rc2 Bb2 17. Rb1 Rxa2 18. bxc4 bxc4 19. Bxc4 dxc4 20. Nxc4 O-O
21. Nxb2 Rxb2 22. Rcxb2 cxb2 23. Rxb2 Ba6 24. g3 Rc8 25. Rb8 Rxb8 26. Bxb8 Kf8
27. Kg2 Ke7 28. Be5 Ne8 29. Bb8 Kd7 30. Ba7 Kc6 31. Bc5 Kd5 32. Kf3 Nf6 33. Ba7
Nd7 34. e4+ Kc6 35. Ke3 Kb7 36. Bc5 Nxc5 37. dxc5 Kc6 38. Kd4 f6 39. f4 Bf1 40.
g4 Bh3 41. g5 h6 42. gxf6 gxf6 43. e5 f5 44. Kc4 Bf1+ 45. Kd4 h5 46. Ke3 Kxc5
47. Kf2 Bc4 48. Kg3 Kd4 49. Kh4 Be2 50. Kg5 Ke3 51. Kf6 Kxf4 52. Kxe6 Bc4+ 53.
Kd6 Ke3 54. e6 Bxe6 55. Kxe6 f4 0-1